000
00450nam a2200157Ia 4500
008
100122s9999 xx 000 0 und d
082
_b
30676
_a
821.09
100
_a
प्रफुल्लदत्त
245
_a
पदचिन्हे
250
_a
0
260
_b
श्रीविद्या प्रकाशन
_c
1905
300
_a
110
630
_a
पदचिन्हे
730
_a
पदचिन्हे
942
_c
BOOK
999
_c
415494
_d
415491